000 00538nam a2200181 i 4500
001 68602
003 ES-MaACL
005 20230906170321.0
007 t|
008 960812s1884 fr a ||||1| fre d
040 _aCAM
_bspa
_cCAM
100 1 _aGautier, Léon.
_956053
245 1 3 _aLa chevalerie /
_cpar Léon Gautier.
260 _aParis :
_bVistor Palmé,
_c1884 (
_fimprimerie générale A. Lahure)
300 _aXV, 788 p. :
_bil. ;
_c32 cm.
650 4 _aCaballeros y caballería-
_zFrancia.
_9159565
852 _aES-MaACL
_jB-3823
999 _c68602
_d68602